000 01439nam a2200469Ia 4500
001 UByD000891
003 AR-LpoUNG
005 20241226140153.0
008 220825s2012||||ne |||||||||||||| ||eng||
020 _a9789004210806
040 _aAR-LpoUNG
_bspa
_cAR-LpoUNG
_eaacr
041 0 _aeng
082 0 _aR013.891 1 129v3
100 1 _aRunia, David
245 1 0 _aPhilo of Alexandria :
_ban anotated bibliography 1997-2006 with addenda for 1987-1996
260 _aLeiden :
_bBrill,
_c2012.
300 _axxv, 492 p.
590 _bp. 84-85, contiene:
_ahoja en tamaño A4. doblada por la mitad, con anotaciones manuscritas en bolígrafo azul, con datos de un libro de Gabino Uribarri Bilbao y anotaciones de números, en lápiz negro .
650 4 _aBIBLIOGRAFIAS
650 4 _aFILOSOFO
650 4 _aFILOSOFIA
650 4 _aMATERIAL DE REFERENCIA
650 4 _aEDAD ANTIGUA
653 1 _aFILON, DE ALEJANDRIA
700 1 _aBirnaum, E.
700 1 _aFox, K.A.
700 1 _aGeljon, A.C.
700 1 _aHofstede, M.R.J.
700 1 _aKeizer, H.M
700 1 _aMartín, José Pablo
700 1 _aNiehoff, M.R.
700 1 _aRadice, R.
700 1 _aRiaud, J.
700 1 _aSandelin, K.G.
700 1 _aSatran, D.
700 1 _aSchimanowski, G.
700 1 _aSeland, T.
700 1 _aZeller, D.
710 2 _aThe International Philo Bibliography Project
905 _aCJPM474
942 _cLIB
_2ddc
999 _c62204
_d62204